000 00684nam a2200253Ia 4500
003 OSt
005 20220918180811.0
006 a|||||r|||| 00| 0
007 ta
008 220917b |||||||| |||| 00| 0 eng d
024 _a24,230
037 _cTextual
040 _aARTS
_cARTS
_beng
041 _2eng
_aeng
082 _aO111,1J72:gx, K7;M3
100 _aDonne John
_941152
245 0 _aSongs and sonets of John Donne
250 _a2nd
260 _aLondon
_bMethuen
_c1983
300 _axviii,374p.
_ccm.
650 _aDONNE, JOHN; ENGLISH LITERATURE
_957148
942 _hO111,1J72:gx, K7;M3
_cTEXL
_2CC
999 _c163204
_d163204